Understanding customers
Guardado en:
| Autor principal: | |
|---|---|
| Formato: | Libro |
| Lenguaje: | inglés |
| Publicado: |
Oxford
Butterworth-Heinemann
1997
|
| Edición: | 2. ed. |
| Materias: | |
| Etiquetas: |
Sin Etiquetas, Sea el primero en etiquetar este registro!
|
MARC
| LEADER | 00000nam a2200000 4500 | ||
|---|---|---|---|
| 001 | c100962 | ||
| 005 | 20221124075026.7 | ||
| 020 | |a 0-7506-2322-5 | ||
| 041 | 0 | |a eng | |
| 044 | |a GB | ||
| 245 | 1 | 0 | |a Understanding customers |c Chris Rice |
| 250 | |a 2. ed. | ||
| 264 | 1 | |a Oxford |b Butterworth-Heinemann |c 1997 | |
| 300 | |a 312 s. | ||
| 610 | 2 | 0 | |a správanie spotrebiteľa |
| 610 | 2 | 0 | |a výskum psychologický |
| 610 | 2 | 0 | |a výskum sociologický |
| 610 | 2 | 0 | |a marketing |
| 610 | 2 | 0 | |a zákazníci |
| 100 | 1 | |a Rice, Chris | |